000 01176cab a2200265 4500
001 ABS67864
008 040601n2004 000 0 eng u
035 _a(Sirsi) u126352
100 _aMcNeil, J.
245 4 _aThe new law of real burdens
260 _c2004
490 _aJournal of the Law Society of Scotland
_v49(4) April 2004, 58-59
490 _aJournal of the Law Society of Scotland
_v49(5) May 2004, 52-53(4)
520 _aPart of a series of articles looking at a range of issues concerning the abolition of the feudal system in Scotland and its effect on land ownership. The April article looks at title and interest to enforce real burdens and liability of individuals. The May article discusses provisions relating to community burdens together with the variation and termination of all types of burdens. (See also Abs67550 and Abs67658).
590 _aABS
650 _aSCOTLAND
650 _aABOLITION OF FEUDAL TENURE ETC (SCOTLAND) ACT 2000
650 _aTITLE CONDITIONS (SCOTLAND) ACT 2003
650 _aFEUDAL SYSTEM
650 _aREAL BURDENS
650 _aLAND OWNERSHIP
650 _aLAND TENURE
690 _aPROPERTY
942 _n0
999 _c74415
_d74415